000 00296nam a22001337a 4500
008 171030b xxu||||| |||| 00| 0 eng d
020 _a9780176225155
041 _aeng
080 _24TH
_a33
100 _a58
101 _aBUS
245 _aBUSINESS COMMUNICATION
_cGUFFEY,M.E
942 _2udc
_cBK
999 _c36529
_d36529